[Event "Venice Autumn op 20th"]
[Site "Venice"]
[Date "2014.11.01"]
[Round "3"]
[White "Balzan, Alessandro"]
[Black "Pitzanti, Matteo"]
[Result "1/2-1/2"]
[WhiteElo "1921"]
[BlackElo "2145"]
[PlyCount "68"]
[EventDate "2014.10.31"]
[EventType "swiss"]
[EventRounds "5"]
[EventCountry "ITA"]
[SourceTitle "EXT 2015"]
[Source "ChessBase"]
[SourceDate "2014.11.20"]
[SourceVersion "1"]
[SourceVersionDate "2014.11.20"]
[SourceQuality "1"]

1. e4 c6 2. d4 d5 3. Nc3 dxe4 4. Nxe4 Bf5 5. Ng3 Bg6 6. Nf3 Nd7 7. Bd3 e6 8. c3 Ngf6 9. 0-0 Be7 10. Re1 0-0 11. Bxg6 hxg6 12. Be3 Qc7 13. Ne2 Rfd8 14. Qc2 c5 15. dxc5 Nxc5 16. Rad1 Nd5 17. Bd4 b5 18. Nc1 a5 19. Nd3 Nd7 20. Qe2 Bd6 21. g3 Qb7 22. Nfe5 Nxe5 23. Nxe5 Bxe5 24. Qxe5 Nf6 25. Qg5 Rd5 26. Qe3 Qd7 27. Qf3 Rd8 28. Rc1 Ne8 29. Bb6 Ra8 30. Rcd1 Nf6 31. Bd4 Ne8 32. Bb6 Nf6 33. Bd4 Rd8 34. Rc1 Ne8 1/2-1/2

[Event "Wch U12"]
[Site "Durban"]
[Date "2014.09.26"]
[Round "8"]
[White "Pitzanti, Matteo"]
[Black "Gluckman, Paul"]
[Result "1-0"]
[WhiteElo "1967"]
[BlackElo "1702"]
[PlyCount "49"]
[EventDate "2014.09.20"]
[EventType "swiss"]
[EventRounds "11"]
[EventCountry "RSA"]
[SourceTitle "CBM 162 Extra"]
[Source "ChessBase"]
[SourceDate "2014.10.17"]
[SourceVersion "1"]
[SourceVersionDate "2014.10.17"]
[SourceQuality "1"]

1. e4 c5 2. Nf3 d6 3. Bb5+ Bd7 4. Bxd7+ Qxd7 5. 0-0 Nc6 6. c3 Nf6 7. Qe2 e6 8. d4 d5 9. exd5 Qxd5 10. Be3 Ng4 11. c4 Qh5 12. d5 Nce5 13. Bf4 Ng6 14. Bg3 Be7 15. d6 Bf6 16. d7+ Ke7 17. Nc3 Bxc3 18. bxc3 Nf6 19. Rad1 Nxd7 20. Qb2 b6 21. Qb5 Nde5 22. Nxe5 Nxe5 23. f4 Ng6 24. Qd7+ Kf6 25. f5 1-0

[Event "ITA-ch U12"]
[Site "Tarvisio"]
[Date "2014.07.02"]
[Round "5"]
[White "Pitzanti, Matteo"]
[Black "Orfini, Nicolo"]
[Result "1-0"]
[WhiteElo "1890"]
[BlackElo "1662"]
[PlyCount "51"]
[EventDate "2014.06.29"]
[EventType "swiss"]
[EventRounds "9"]
[EventCountry "ITA"]
[SourceTitle "EXT 2024"]
[Source "ChessBase"]
[SourceDate "2023.10.10"]
[SourceVersion "1"]
[SourceVersionDate "2023.10.10"]
[SourceQuality "1"]

1. e4 d6 2. d4 Nf6 3. Bd3 Nbd7 4. Ne2 e5 5. c3 c6 6. 0-0 g6 7. h3 Bg7 8. Be3 0-0 9. f4 Qe7 10. Nd2 Nh5 11. Qc2 Nb6 12. Rae1 Bh6 13. b4 f5 14. dxe5 Rf7 15. exd6 Qxd6 16. e5 Qe7 17. Bc5 Qe8 18. Bxb6 axb6 19. Nc4 Qd8 20. Nd6 Re7 21. Bc4+ Kg7 22. Rd1 Qc7 23. Bb3 c5 24. Nb5 Qc6 25. Rd8 c4 26. Ned4 1-0

[Event "ITA-ch U12"]
[Site "Tarvisio"]
[Date "2014.06.30"]
[Round "2"]
[White "Nardelli, Andrea"]
[Black "Pitzanti, Matteo"]
[Result "0-1"]
[WhiteElo "1458"]
[BlackElo "1890"]
[PlyCount "64"]
[EventDate "2014.06.29"]
[EventType "swiss"]
[EventRounds "9"]
[EventCountry "ITA"]
[SourceTitle "EXT 2024"]
[Source "ChessBase"]
[SourceDate "2023.10.10"]
[SourceVersion "1"]
[SourceVersionDate "2023.10.10"]
[SourceQuality "1"]

1. e4 c6 2. d4 d5 3. e5 c5 4. c3 Nc6 5. Nf3 Bg4 6. Be2 e6 7. 0-0 Be7 8. b3 Rc8 9. Re1 Qb6 10. Be3 Bxf3 11. Bxf3 cxd4 12. cxd4 Nh6 13. Nc3 Nf5 14. Ne2 0-0 15. a3 Nxe3 16. fxe3 Bg5 17. Qd3 Na5 18. Rab1 Qa6 19. Qxa6 Bxe3+ 20. Kf1 bxa6 21. g3 Rc2 22. a4 Rb8 23. Nc1 Rf2+ 24. Kg1 Rxf3+ 25. Kg2 Rf2+ 26. Kh3 Bxd4 27. Nd3 Rd2 28. Nf4 Nc6 29. Rbc1 Nxe5 30. b4 Nc4 31. b5 axb5 32. axb5 g6 0-1